| 000 | 00510cam a22002171 4500 | ||
|---|---|---|---|
| 001 | sa 67006359 | ||
| 003 | DLC | ||
| 005 | 20260227112406.0 | ||
| 008 | 890328s1965 xx 000 0 tam | ||
| 010 | _asa 67006359 | ||
| 035 | _a(OCoLC)23552482 | ||
| 040 |
_aDLC _cMiU _dDLC |
||
| 042 | _apremarc | ||
| 050 | 0 | 0 |
_aPL4758.9.K68 _bV5 1965 |
| 100 | 0 |
_aKalki, _d1899-1954. |
|
| 245 | 1 | 0 | _aViṇai Pavāni. |
| 260 | _c[1965] | ||
| 300 |
_a168 p. _c18 cm. |
||
| 500 | _aIn Tamil. | ||
| 500 | _aShort stories. | ||
| 999 |
_c75887 _d75887 |
||